| 000 | 02090cam a2200385 i 4500 | ||
|---|---|---|---|
| 001 | 18354344 | ||
| 003 | SISC | ||
| 005 | 20170508164708.0 | ||
| 008 | 141030s2015 nyua b 001 0 eng | ||
| 010 | _a 2014041327 | ||
| 020 | _z9780465040674 (ebook) | ||
| 020 | _z9780465097531 | ||
| 040 |
_aDLC _beng _erda _cDLC _dDLC |
||
| 042 | _apcc | ||
| 050 | 0 | 0 |
_aHD 6331 _b.F58 2015 |
| 082 | 0 | 0 | _a331.13/7042 |
| 084 |
_aBUS069000 _aTEC052000 _aTEC004000 _aTEC037000 _2bisacsh |
||
| 100 | 1 |
_aFord, Martin _q(Martin R.) |
|
| 245 | 1 | 0 |
_aRise of the robots : _btechnology and the threat of a jobless future / _cMartin Ford. |
| 260 |
_aNY : _bBasic Books, _c2015. |
||
| 300 |
_axviii, 334 pages : _billustrations ; _c25 cm. |
||
| 500 | _aIncludes bibliographical references and index. | ||
| 520 | _a"In Silicon Valley the phrase "disruptive technology" is tossed around on a casual basis. No one doubts that technology has the power to devastate entire industries and upend various sectors of the job market. But Rise of the Robots asks a bigger question: Can accelerating technology disrupt our entire economic system to the point where a fundamental restructuring is required? Companies like Facebook and YouTube may only need a handful of employees to achieve enormous valuations, but what will be the fate of those of us not lucky or smart enough to have gotten into the great shift from human labor to computation?"-- | ||
| 650 | 0 |
_aLabor supply _xEffect of automation on. |
|
| 650 | 0 |
_aLabor supply _xEffect of technological innovations on. |
|
| 650 | 0 | _aEmployment forecasting. | |
| 650 | 0 |
_aTechnological innovations _xEconomic aspects. |
|
| 650 | 7 |
_aBUSINESS & ECONOMICS / Economics / General. _2bisacsh |
|
| 650 | 7 |
_aTECHNOLOGY & ENGINEERING / Social Aspects. _2bisacsh |
|
| 650 | 7 |
_aTECHNOLOGY & ENGINEERING / Automation. _2bisacsh |
|
| 650 | 7 |
_aTECHNOLOGY & ENGINEERING / Robotics. _2bisacsh |
|
| 906 |
_a7 _bcbc _corignew _d1 _eecip _f20 _gy-gencatlg |
||
| 942 |
_2lcc _cBK |
||
| 999 |
_c329834 _d329834 |
||